vufinder Bibliothèque Municipale de Charleval de Provence
Se connecter

Il Etait une rivière

Book Cover
Auteur principal: Bonnie Jo Campbell
D'autres auteurs: Elisabeth Peellaert
Support: Livres
Langue: Francais
Genre: Roman (gros caractères)
Sujets:
Étiquettes: Ajouter
Pas de Tags !

LEADER 00994nam0a2200193 450
001 16847702
010 |a 978-2-84666-797-5  |b br.  |d 24 € 
100 |a 20130905d2013 u u0frey01 ba 
101 1 |a fre  |c eng 
102 |a FR 
200 0 |a Il Etait une rivière  |f Bonnie Jo Campbell  |g traduit de l'anglais (Etats-Unis) par Elisabeth Peellaert 
207 1 |a   
215 |a 521 p.  |d 24 x 16 cm 
330 |a A la mort de son grand-père qui l'a élevée, Margo Crane, 16 ans, part à la recherche de sa mère qui l'a abandonnée. A bord du bateau de son grand-père, avec quelques vivres, la biographie de son héroïne Annie Oakley et sa carabine, elle traverse le Michigan rural où le contact avec la nature mais aussi les hommes est parfois violent. 
700 0 |a Campbell  |b Bonnie Jo  |4 70 
702 0 |a Peellaert  |b Elisabeth  |4 730 
900 |a Roman (gros caractères) 
901 |a Accessible au prêt 
995 |a Bibliothèque  |c Bibliothèque  |f 00156009911652  |h 00156009911652  |k R CAM  |o p  |q a  |r az  |e Bibliothèque 

Options de recherche

Historique de recherche
Recherche avancée

Trouver plus

Nouveautés

Besoin d'aide ?

Contacter un bibliothécaire